| 000 | 00664nam a2200205 i 4500 | ||
|---|---|---|---|
| 001 | 140099 | ||
| 003 | ES-MaACL | ||
| 005 | 20250816070622.0 | ||
| 007 | t| | ||
| 008 | 070214s1969 sp |||| | spa d | ||
| 100 | 1 |
_aSède, Gérard de. _9105066 |
|
| 245 | 1 | 3 |
_aEl oro de Rennes _bo La vida insólita de Berenger Sauniere / _cGérard de Sede ; [traducción de Guillermo Lledó]. |
| 250 | _a1ª ed. | ||
| 260 |
_aBarcelona : _bPlaza y Janés, _c1969. |
||
| 300 |
_a224 p., 10 lám. ; _c22 cm. |
||
| 700 | 1 |
_aLledó, Guillermo _972743 |
|
| 740 | 3 | 2 | _aLa vida insólita de Berenger Sauniere. |
| 852 |
_aES-MaACL _jC-44743 |
||
| 999 |
_c140099 _d140099 |
||